[Event "Western States op"]
[Site "Reno"]
[Date "2006.10.07"]
[Round "3"]
[White "Foster, Raleigh Francis"]
[Black "Aigner, Michael"]
[Result "0-1"]
[WhiteElo "1990"]
[BlackElo "2321"]
[PlyCount "98"]
[EventDate "2006.10.07"]
[EventType "swiss"]
[EventRounds "6"]
[EventCountry "USA"]
[SourceTitle "EXT 2009"]
[Source "ChessBase"]
[SourceDate "2008.11.26"]
[SourceVersion "1"]
[SourceVersionDate "2008.11.26"]
[SourceQuality "1"]

1. e4 e5 2. f4 exf4 3. Nf3 Be7 4. Bc4 Nf6 5. Nc3 Nxe4 6. Ne5 Nd6 7. Bb3 Nc6 8. d4 Na5 9. Bxf4 Nxb3 10. axb3 0-0 11. Qf3 Nf5 12. 0-0-0 d6 13. Nc4 Nh4 14. Qf2 Ng6 15. Be3 c6 16. d5 b5 17. Nd2 b4 18. Ne2 c5 19. Nc4 a5 20. h4 Bf6 21. Bf4 Nxf4 22. Nxf4 a4 23. Nh5 Bd4 24. Qg3 g6 25. Nxd6 axb3 26. cxb3 Ra6 27. Ne4 Bf5 28. Rxd4 cxd4 29. Qe5 Qc8+ 30. Kd2 gxh5 31. Rc1 Qd7 32. Nc5 Qd6 33. Qxf5 Ra2 34. Nd7 Qh6+ 35. Kd3 Qe3+ 36. Kc4 Qxc1+ 37. Kb5 Qh6 38. Nf6+ Kg7 39. Nxh5+ Kh8 40. g4 Qa6+ 41. Kc5 Qc8+ 42. Kxd4 Qxf5 43. gxf5 Rc8 44. Ke5 Rxb2 45. Nf6 Rxb3 46. h5 Kg7 47. h6+ Kxh6 48. d6 Rd3 49. d7 Rd8 0-1